Statystyki dla Znaki ostrzegawcze

Kliknij tutaj aby rozwiązać quiz!

Ogólne statystyki

  • Ten quiz został rozwiązany 51 razy
  • Średni wynik to 11 z 42

Statystyki odpowiedzi

Odpowiedź% Poprawnych
Niebezpieczny zakręt w lewo
81%
Niebezpieczny zakręt w prawo
81%
Skrzyżowanie dróg
58%
Ustąp pierwszeństwa
46%
Niebezpieczne zakręty, pierwszy w lewo
42%
Niebezpieczne zakręty, pierwszy w prawo
42%
Roboty drogowe
38%
Dzieci
35%
Próg zwalniający
35%
Lotnisko
31%
Przejazd kolejowy bez zapór
31%
Przejazd kolejowy z zaporami
31%
Tramwaj
31%
Wypadek drogowy
31%
Nierówna droga
27%
Przejście dla pieszych
27%
Rowerzyści
27%
Zwierzęta dzikie
27%
Skrzyżowanie o ruchu okrężnym
23%
Stromy podjazd
23%
Boczny wiatr
19%
Śliska jezdnia
19%
Zwierzęta gospodarcze
19%
Niebezpieczne pobocze
15%
Niebezpieczny zjazd
15%
Oszronienie jezdni
15%
Ruchomy most
15%
Skrzyżowanie z drogą podporządkowaną występującą po lewej stronie
15%
Skrzyżowanie z drogą podporządkowaną wystepującą po obu stronach
15%
Skrzyżowanie z drogą podporządkowaną występującą po prawej stronie
15%
Spadające odłamki skalne
15%
Sygnały świetlne
15%
Wlot drogi jednokierunkowej z lewej strony
15%
Wlot drogi jednokierunkowej z prawej strony
15%
Zator drogowy
15%
Zwężenie jezdni - lewostronne
15%
Zwężenie jezdni - prawostronne
15%
Inne niebezpieczeństwo
12%
Nabrzeże lub brzeg rzeki
12%
Odcinek jezdni o ruchu dwukierunkowym
12%
Sypki żwir
12%
Zwężenie jezdni - dwustronne
12%

Rozkład punktacji

Percentyl według liczby udzielonych odpowiedzi

Procent ludzi z każdym wynikiem

Twoja historia wyników

Nie rozwiązałeś tego quizu